000 018470000a22003490004500
003 EG-GICUC
005 20250223024958.0
008 070725s2007 ua h f m 000 0 eng d
040 _aEG-GICUC
_beng
_cEG-GICUC
041 0 _aEng
049 _aDeposite
097 _aM.Sc
099 _aCai01.12.05.M.Sc.2007.Ma.M
100 0 _aMahmoud Saleh Mahmoud
245 1 0 _aMolecular and physiological studies on chitinolytic bacterial species as potential biological agents against phytopathogenic fungi and insects /
_cMahmoud Saleh Mahmoud ; Supervised Zienat Kamel Mohamed , Salah Ali Moustafa , Mohamed AbdElmaksoud
246 1 5 _aدراسات جزيئية وفسيولوجية على البكتريا المنتجة لانزيم الكيتنيز وإستخدامها كعوامل مقاومة بيولوجية فعالة ضد الفطريات والحشرات الممرضة للنبات
260 _aCairo :
_bMahmoud Saleh Mahmoud ,
_c2007
300 _a113Leaves :
_bfacsimiles ;
_c30cm
502 _aThesis (M.Sc.) - Cairo University - Faculty Of Science - Department Of Botany (Microbiology)
520 _aFour hundred bacterial isolates have been isolated from rhizosphere soil samples , collected from three different agriculture areas in Egypt.These isolates were screened as chitinase producer on the basis of zones of clearance on chitin agar plates.only 5 of these isolates exhibited different sizes of clear zones
530 _aIssued also as CD
653 4 _aAntifungal activity
653 4 _aBiological control
653 4 _aChitinase
700 0 _aMohamed AbdElmaksoud ,
_eSupervisor
700 0 _aSalah Ali Moustafa ,
_eSupervisor
700 0 _aZienat Kamel Mohamed ,
_eSupervisor
856 _uhttp://172.23.153.220/th.pdf
905 _aMustafa
_eRevisor
905 _aSamia
_eCataloger
942 _2ddc
_cTH
999 _c3054
_d3054